00385nam a22001337a 4500008004100000020001500041050002200056100001900078245005800097250001200155260004500167300001500212650002400227220920b |||||||| |||| 00| 0 eng d a9914404937 aHF5686b.C44 2021 aChepkech, Noah aManagement for Pharmacy Practitioners/cNoah Chepkech a1st ed. aNairobibHealthcare media limited c2021 axii, 221p. aPharmacy management